000 00527nam a22001697a 4500
005 20250325140814.0
008 250325b |||||||| |||| 00| 0 eng d
020 _a9783111050591
041 _aEng.
082 _a650.14 MOL
100 _aMoldoveanu, Mihnea C
245 _aSoft Skills: How to See Measure and Build the Skills that Make us Uniquely Human
260 _aBoston
_bDe Gruyter
_c2024
300 _a220;. P. 23 cm
650 _aSoft Skills; Communication in Organizations; Human Resource Management
942 _cBK
999 _c43390
_d43390